Las fuentes del ordenamiento de Montalvo

Sparad:
Bibliografiska uppgifter
Huvudupphovsman: María e Izquierdo, María José (autora)
Materialtyp: Bok
Språk:spanska
Publicerad: Madrid Dykinson 2004
Ämnen:
Taggar: Lägg till en tagg
Inga taggar, Lägg till första taggen!

MARC

LEADER 00000nam a2200000 a 4500
001 UCJ2308
003 CL-VaPUC
008 061207e20040000SP |||||||||||||||||spa|d
020 |a 8497725808 
020 |a 8497725816v.1 
020 |a 8497725824v.2 
082 0 4 |a 341.461  |b MAR  |2 21 
100 |a María e Izquierdo, María José  |e autora  |9 503298 
245 1 4 |a Las fuentes del ordenamiento de Montalvo 
300 |a v 
942 |c BK 
945 |d 20061207 00:00:00  |a jtorresc 
260 |a Madrid  |b Dykinson  |c 2004 
650 7 |a FUENTES DEL DERECHO INTERNACIONAL  |2 CL-VaPUC  |9 503299 
650 0 |a Derecho español  |9 255291 
650 7 |a JURISTAS MEDIEVALES  |2 CL-VaPUC  |9 454594 
650 7 |a HECHOS JURIDICOS  |2 CL-VaPUC  |9 454595 
650 0 |a Derecho europeo  |9 391498 
651 0 |a España  |9 254926 
583 |a last modification  |c 20061207 00:00:00  |k Rodrigo Vera 
999 |c 318643  |d 318641 
952 |0 0  |1 0  |4 0  |6 341_461000000000000_MAR_2004  |7 0  |8 DER_HIS  |9 396592  |a BIBDER  |b BIBDER  |d 2019-11-22  |h v.1  |i 4193903  |o 341.461 MAR 2004  |p 4193903  |r 2023-01-25  |w 2019-11-22  |x Ubicación 4to Piso  |y BK  |z Estos recursos deben solicitarse con anticipación  |k DER 
952 |0 0  |1 0  |4 0  |6 341_461000000000000_MAR_2004  |7 0  |8 DER_HIS  |9 396593  |a BIBDER  |b BIBDER  |d 2019-11-22  |h v.2  |i 4193911  |o 341.461 MAR 2004  |p 4193911  |r 2023-01-25  |w 2019-11-22  |x Ubicación 4to Piso  |y BK  |z Estos recursos deben solicitarse con anticipación  |k DER